Регионална библиотека "Любен Каравелов" - Русе

Histoire universelle (Запис номер 391293)

MARC детайли
000 -Лидер
Контролно поле с фиксирана дължина 01703nam a2200373 a 4500
003 - Код на организацията, давaща контролен номер
Контролно поле BLK
005 - Дата и час на последна редакция
Контролно поле 20231030094320.0
008 - Елементи от данни с фиксирана дължина
fixed length control field 180408b bul|||||r ||||||| ||bul||
010 ## - Наследен системен номер
LC control number KNG00066051000
040 ## - Източник на каталожния запис
Идентификатор на билиотеката - собственик на записа BLK
041 ## - Код за език
Код за езика на текст/звукозапис или на отделно заглавие Френски
Код за езика КДБФ Френски
080 ## - УДК
Текстов определител УДК История. Вж и (091) ; (093)
УДК код - определител по УДК 93/99
УДК - код + определител 93/99
100 ## - Редна дума - Автор
R(LIN) 1299
Автор Weber, Georges
Авторска отговорност първи автор
139 ## - Редно поле
Редна дума Weber, Georges
245 10 - Сведения за заглавието
Заглавие Histoire universelle
Подзаглавни данни T. 1 -
Том T. 10
Редно поле (дума) Geoges Weber
Заглавие на том Histoire contemporaine 1830 - 1872
257 ## - Страна на издаване
Страна на създаване/издаване Франция
260 ## - Област на издателските данни
Име на издателя, разпространителя и проч. C. Marpon et E. Flammarion
Година на издаване 1883
9 (RLIN) 435928
Място на издаване, разпространение и проч. Paris
300 ## - Физическа характеристика
Размери/Мащаб 17 см
380 ## - Жанр
Жанр История
490 ## - СЕРИИ (Колекции)
9 (RLIN) 435080
Име на серия Колекция Редки и ценни издания
490 ## - СЕРИИ (Колекции)
9 (RLIN) 435931
Име на серия Лична библиотека на Захари Стоянов
№: серия 61
500 ## - Общи забележки
Забележка Датирано: 27.ІV. 936 № 201.
650 #4 - Допълнително описание по предмет – тема
Основно описание – тема или топоним Свят - история
9 (RLIN) 269230
653 ## - Ключова дума – ненормативна
Ключова дума световна история
760 1# - Описание на основната серия
Място на издаване, издател и година 1883
Страници - том 306 с.
Част - том T. 10
852 ## - Местоположение
Форматна сигнатура Рф 883 ЗСт
Фондова буква Редки и ценни
856 4# - Електронен адрес и достъп
Електронен формат jpg - файл
Име на файл Съдържание
Права за достъп Достъп за регистрирани потребители
Път до файла /url/ http://185.138.176.146:18082/cgi-bin/koha/opac-retrieve-file.pl?id=d2d61fa76c2b1750d68c50c2b1a01998
Допълнителна информация (Корица, съдържание, пълен текст, звуков файл, HTML файл) Изображение
Информация за съдържанието Съдържание 1
856 4# - Електронен адрес и достъп
Електронен формат jpg - файл
Име на файл Съдържание
Права за достъп Достъп за регистрирани потребители
Път до файла /url/ http://185.138.176.146:18082/cgi-bin/koha/opac-retrieve-file.pl?id=3d8d7dfdefce5ac193e9573b90458ce1
Допълнителна информация (Корица, съдържание, пълен текст, звуков файл, HTML файл) Изображение
Информация за съдържанието Съдържание 2
856 4# - Електронен адрес и достъп
Електронен формат jpg - файл
Права за достъп Достъп за регистрирани потребители
Път до файла /url/ http://185.138.176.146:18082/cgi-bin/koha/opac-retrieve-file.pl?id=b580e56c5fc75de877e7fd39dcb2345e
Допълнителна информация (Корица, съдържание, пълен текст, звуков файл, HTML файл) Изображение
Информация за съдържанието Съдържание 3
942 ## - АРТИКУЛИ
Вид на библиотечния материал Книги
Скрит в OPAC Не
Периодичен библиозапис Да
Koha issues (borrowed), all copies 1
944 ## - СЪЗДАВАНЕ И РЕДАКЦИЯ на ЗАПИСА
Създаване/Редакция Създаване
Дата на регистрацията/редакция 2020-11-05
Служител, извършил регистрацията/редакцията 30542
Статус, дата на статуса Русанова Ирена
944 ## - СЪЗДАВАНЕ И РЕДАКЦИЯ на ЗАПИСА
Създаване/Редакция Редакция
Дата на регистрацията/редакция 03.12.2005
999 ## - СИСТЕМНИ КОНТРОЛНИ НОМЕРА
Koha biblionumber 391293
Koha biblioitemnumber 391293
999 ## - СИСТЕМНИ КОНТРОЛНИ НОМЕРА
Koha biblioitemnumber 391293
Наличности
Код за отписване Код за изгубен артикул Източник на класификационната схема Код за повреда Коз за рестрикции Код за отдаване Артикулен № Име на библиотеката - собственик Име на библиотеката, в която се намира в момента Статус (Текущо местоположение) Дата на вписване в системата Местоположение - отдел Цена в лева Инвентарен номер Систематично азбучна сигнатура Баркод Цена в евро Служебен тип на артикула
  Не е изгубен Universal Decimal Classification Не е повреден само за читалня Специални фондове ( старопечатни, редки и ценни, фонд М. Арнаудов) 804806 Регионална библиотека "Любен Каравелов" Русе Регионална библиотека "Любен Каравелов" Русе Редки и ценни 2020-11-06 Редки и ценни 0.70 9970-І Рф 883 ЗСт 900000038424 0.36 Книги
Vip Innovations Ltd, Rousse, Bulgaria 2025